|
|
|
|
| LEADER |
00000nas a22000007i 4500 |
| 001 |
ssj0064914 |
| 003 |
WaSeSS |
| 005 |
20200512172242.0 |
| 006 |
m d |
| 007 |
cr n |
| 008 |
080724c20089999iluqr p s 0 a0eng |
| 010 |
|
|
|a 2013202561
|
| 022 |
|
|
|a 2329-6127
|y 2159-4538
|
| 035 |
|
|
|a (WaSeSS)ssj0064914
|
| 040 |
|
|
|a LGG
|b eng
|c LGG
|d OCLCQ
|d DLC
|d CUD
|d OCLCQ
|d OCLCO
|d EYM
|d DLC
|d OCLCF
|d OCLCO
|d OCLCQ
|d WT2
|d BUF
|d OCLCO
|d NTG
|d OCLCQ
|d UUM
|d OCLCQ
|d OCLCO
|d AU@
|d VT2
|d OCLCQ
|d OCLCO
|d WaSeSS
|
| 042 |
|
|
|a pcc
|a nsdp
|
| 043 |
|
|
|a n-us---
|
| 050 |
1 |
4 |
|a K18
|b .E152
|
| 082 |
0 |
0 |
|a 346
|2 23
|
| 130 |
0 |
|
|a Real property, trust, and estate law journal (Online)
|
| 222 |
|
0 |
|a Real property, trust, and estate law journal
|b (Online)
|
| 245 |
1 |
0 |
|a Real property, trust, and estate law journal
|h [electronic resource].
|
| 260 |
|
|
|a Chicago, Ill. :
|b Section of Real Property, Trust, and Estate Law, American Bar Association,
|c 2009-
|
| 310 |
|
|
|a Quarterly
|
| 362 |
1 |
|
|a Began with Volume 43, Number 1 (spring 2008).
|
| 500 |
|
|
|a "Published ... with the assistance of the University of South Carolina School of Law."
|
| 506 |
|
|
|a License restrictions may limit access.
|
| 538 |
|
|
|a Mode of access: World Wide Web.
|
| 588 |
0 |
|
|a Volume 43, number 4 (winter 2009); title from PDF cover (JSTOR, viewed April 10, 2013).
|
| 588 |
1 |
|
|a Volume 44, number 3 (fall 2009) (JSTOR website, viewed June 17, 2013).
|
| 650 |
|
0 |
|a Real property
|z United States
|x States
|v Periodicals.
|
| 650 |
|
0 |
|a Probate law and practice
|z United States
|x States
|v Periodicals.
|
| 650 |
|
0 |
|a Decedents' estates
|z United States
|x States
|v Periodicals.
|
| 650 |
|
0 |
|a Trusts and trustees
|z United States
|x States
|v Periodicals.
|
| 650 |
|
7 |
|a Decedents' estates
|x U.S. states.
|2 fast
|0 (OCoLC)fst00888936
|
| 650 |
|
7 |
|a Probate law and practice
|x U.S. states.
|2 fast
|0 (OCoLC)fst01077770
|
| 650 |
|
7 |
|a Real property
|x U.S. states.
|2 fast
|0 (OCoLC)fst01091155
|
| 650 |
|
7 |
|a Trusts and trustees
|x U.S. states.
|2 fast
|0 (OCoLC)fst01158216
|
| 651 |
|
7 |
|a United States.
|2 fast
|0 (OCoLC)fst01204155
|
| 655 |
|
0 |
|a Electronic journals.
|
| 710 |
2 |
|
|a American Bar Association.
|b Section of Real Property, Trust, and Estate Law.
|
| 776 |
0 |
8 |
|i Print version:
|t Real property, trust, and estate law journal
|x 2159-4538
|w (DLC) 2008250058
|w (OCoLC)235957559
|
| 780 |
0 |
0 |
|t Real property, probate, and trust journal (Online)
|x 1540-8469
|w (DLC) 2002211715
|w (OCoLC)50172650
|
| 856 |
4 |
0 |
|z Full text available from Research Library: 2008 to present
|u https://search.proquest.com/publication/51248
|